Statistics for Utah General Knowledge

Click here to take the quiz!

General Stats

  • This quiz has been taken 89 times
  • The average score is 10 of 15

Answer Stats

HintAnswer% Correct
Capital and largest city, known for mormon cultureSalt Lake City
98%
The largest salt water lake in the Western HemisphereGreat Salt Lake
96%
Major national park known for 2000 rock formationsArches
85%
Small town and location of Brigham Young UniversityProvo
81%
State nickname: _______ StateBeehive
79%
Major NBA team for Utah headquartered in SLCJazz
79%
National park known for steep red cliffs near the borderZion
77%
National park known for crimson-colored hoodoosBryce Canyon
58%
National park known for its dramatic desert landscapeCanyonlands
58%
10-acre religious complex in Salt Lake CityTemple Square
56%
Major suburb of Salt Lake City, second largest in UtahWest Valley City
56%
1,488-foot tall rock formation in Zion National ParkAngels Landing
42%
Small mountain ski resort town north of Salt Lake CityOgden
42%
National park in Utah's south-central desertCapitol Reef
38%
1,880,461 acre national monument on the borderGrand Staircase
27%

Score Distribution

Percentile by Number Answered

Percent of People with Each Score

Your Score History

You have not taken this quiz